000 00191 a2200085 4500
020 _a9780799331554
082 _aAF BURG
100 _aBurgers, Elizabeth
_968181
245 _aSeisoene van die hart
999 _c777399
_d777398
942 _w432
_xBusisiwe Mahlangu
_y432
_zBusisiwe Mahlangu